Países que son V-I-O-L-E-T-A - Estadísticas

Estadísticas generales
  • Esta prueba ha sido intentada 179 veces
  • La puntuación promedio es 42 de 60
Respuestas en el mapa
Las respuestas están codificadas por una escala verde-roja en el mapa de la prueba según el % correcto abajo.
 
Estadísticas de respuestas
País % Correcto
Omán
98%
España
87%
Lituania
87%
Venezuela
87%
Alemania
85%
Indonesia
85%
Letonia
85%
Argentina
84%
India
83%
Islandia
82%
Irlanda
81%
Vanuatu
81%
Vietnam
80%
Australia
78%
Estados Unidos
77%
Laos
76%
Andorra
75%
Estonia
75%
Turquía
75%
Armenia
73%
Austria
73%
Eritrea
73%
Irak
72%
Irán
72%
Albania
70%
Italia
70%
Azerbaiyán
69%
Etiopía
69%
Libia
69%
Luxemburgo
69%
Turkmenistán
69%
Angola
68%
Argelia
68%
Ecuador
68%
Togo
68%
Tailandia
67%
Afganistán
66%
Egipto
66%
Eslovenia
66%
Tanzania
66%
Eslovaquia
65%
Liechtenstein
65%
Antigua y Barbuda
63%
Islas Marshall
63%
Islas Salomón
63%
Tayikistán
62%
El Salvador
61%
Lesoto
60%
Liberia
60%
Tonga
60%
Tuvalu
58%
Arabia Saudita
57%
Emiratos Árabes Unidos
57%
Israel
57%
Líbano
57%
Trinidad y Tobago
55%
Túnez
52%
Taiwán
45%
Estados Federados de Micronesia
42%
Timor Oriental
40%
No se encontraron pruebas coincidentes
Distribución de puntuación
Porcentaje de gente con cada puntuación
Porcentaje por número respondido
Historial de tus puntuaciones
No has intentado esta prueba.